Central Library OPAC University of Rajshahi

Defense policy and the Presidency : (Record no. 60098)

MARC details
000 -LEADER
fixed length control field 00950nam a2200265 a 4500
001 - CONTROL NUMBER
control field 60098
003 - CONTROL NUMBER IDENTIFIER
rucl marc code BD-RjUL
005 - DATE AND TIME OF LATEST TRANSACTION
control field 20211209080814.0
008 - FIXED-LENGTH DATA ELEMENTS--GENERAL INFORMATION
fixed length control field 161228s1979 cou b 001 0 eng
020 ## - INTERNATIONAL STANDARD BOOK NUMBER
International Standard Book Number 0891582738
035 ## - SYSTEM CONTROL NUMBER
System control number (BD-RjUL)60222
040 ## - CATALOGING SOURCE
Original cataloging agency DLC
Transcribing agency DLC
Modifying agency BD-RjUL
Language of cataloging eng
041 ## - LANGUAGE CODE
Language code of text/sound track or separate title eng
082 00 - DEWEY DECIMAL CLASSIFICATION NUMBER
Classification number 355.0330973
Edition number 23
Author mark and year DEF 1979
245 00 - TITLE STATEMENT
Title Defense policy and the Presidency :
Remainder of title Carter's first years /
Statement of responsibility, etc. edited by Sam C. Sarkesian.
260 ## - PUBLICATION, DISTRIBUTION, ETC. (IMPRINT)
Place of publication, distribution, etc. Boulder, Colo. :
Name of publisher, distributor, etc. Westview Press,
Date of publication, distribution, etc. 1979.
300 ## - PHYSICAL DESCRIPTION
Pagination xv, 341 p. ;
Size 24 cm.
504 ## - BIBLIOGRAPHY, ETC. NOTE
Bibliography, etc Includes bibliographical references and index.
650 #0 - SUBJECT ADDED ENTRY--TOPICAL TERM
Topical term or geographic name as entry element National security
Geographic subdivision United States.
9 (RLIN) 178862
651 #0 - SUBJECT ADDED ENTRY--GEOGRAPHIC NAME
Geographic name United States
General subdivision Military policy.
9 (RLIN) 176084
Geographic name United States
General subdivision Foreign relations
Chronological subdivision 1977-1981.
9 (RLIN) 171899
700 1# - ADDED ENTRY--PERSONAL NAME
Personal name Sarkesian, Sam C.
Fuller form of name (Sam Charles),
Dates associated with a name 1927-
942 ## - ADDED ENTRY ELEMENTS (KOHA)
Source of classification or shelving scheme Dewey Decimal Classification
Koha item type Books
Holdings
Lost status Source of classification or shelving scheme Damaged status Not for loan Collection code Permanent Location Current Location Shelving location Date acquired Total Checkouts Full call number Date last seen Copy number Koha item type
  Dewey Decimal Classification   Not For Loan Non-fiction Central Library, University of Rajshahi Central Library, University of Rajshahi Reading Room 14/06/1989   355.0330973 DEF 1979 28/12/2016 C-1 Books